[Event "Ch DDR"]
[Site "masterchessopen.com Schwerin (Germany)"]
[Round "5"]
[White "Moehring Guenther (GER)"]
[Black "Neukirch Detlef (GER)"]
[Result "1-0"]
[WhiteElo "2294"]
[BlackElo "2267"]

1.e4 c5 2.Nc3 Nc6 3.g3 g6 4.Bg2 Bg7 5.d3 b6 6.Nh3 e5 7.f4 d6 8.O-O Nge7 9.f5
f6 10.g4 Bb7 11.g5 Rf8 12.gxf6 Bxf6 13.Ng5 Bxg5 14.Bxg5 Qd7 15.Bh3 Nd4 16.Ne2
Ng8 17.Nxd4 cxd4 18.c4 Bc8 19.Rf3 gxf5 20.Bxf5 Rxf5 21.Rxf5 {#r} 1-0

[Event "It (open) \"]
[Site "masterchessopen.com Bratislava (Slovakia)"]
[Round "9"]
[White "Vykydal Frantisek (CZE)"]
[Black "Hrivnak Vladimir (SVK)"]
[Result "1-0"]
[WhiteElo "2134"]
[BlackElo "2235"]

1.e4 c5 2.Nc3 Nc6 3.g3 g6 4.Bg2 Bg7 5.d3 Rb8 6.Nh3 b5 7.O-O b4 8.Nd5 e6 9.Ne3
Nge7 10.f4 f5 11.e5 d5 12.exd6 Qxd6 13.Nc4 Qd8 14.Re1 h6 15.Be3 Bxb2 16.Nxb2
{#r} 1-0

[Event "It (open)"]
[Site "masterchessopen.com Copenhagen (Denmark)"]
[Round "9"]
[White "Roos Louis (FRA)"]
[Black "Kraehenbuehl Gerhard (SUI)"]
[Result "1-0"]
[WhiteElo "2370"]
[BlackElo "2276"]

1.e4 c5 2.Nc3 Nc6 3.g3 g6 4.Bg2 Bg7 5.d3 e6 6.Be3 Qa5 7.Qd2 Nge7 8.Nge2 Nd4
9.O-O d6 10.Nc1 b5 11.a4 b4 12.Bxd4 Bxd4 13.Nb5 Bxb2 14.Nxd6+ Kd7 15.Nc4 Bxc1
16.Rfxc1 Qc7 17.d4 Ba6 18.dxc5+ Ke8 19.Nd6+ Kf8 20.Qf4 Nc6 21.e5 Bb7 22.Rd1 h5
23.Nxb7 {#r} 1-0

[Event "Ch DDR"]
[Site "masterchessopen.com Furstenwalde (Germany)"]
[Round "3"]
[White "Casper Thomas (GER)"]
[Black "Enders Peter (GER)"]
[Result "1-0"]
[WhiteElo "2405"]
[BlackElo "2454"]

1.e4 c5 2.Nc3 Nc6 3.g3 g6 4.Bg2 Bg7 5.d3 e6 6.h4 d6 7.h5 Nge7 8.Bg5 Qb6 9.Rb1
Qa5 10.Qd2 Bd7 11.Nf3 Nd4 12.Bxe7 Nxf3+ 13.Bxf3 Bxc3 14.bxc3 Kxe7 15.hxg6 hxg6
16.Qg5+ f6 17.Qxg6 Rxh1+ 18.Bxh1 Qxc3+ 19.Kf1 Rb8 20.Bf3 b5 21.Kg2 Rf8 22.Rh1
d5 23.Rh7+ Kd6 24.Rxd7+ {#r} 1-0

[Event "It (open)"]
[Site "masterchessopen.com Leverkusen (Germany)"]
[Date "1985.06.17"]
[Round "6"]
[White "Proff Stefan"]
[Black "Hogenacker Jacques (GER)"]
[Result "1-0"]
[WhiteElo "1880"]
[BlackElo "2266"]

1.e4 c5 2.Nc3 Nc6 3.g3 g6 4.Bg2 Bg7 5.d3 e6 6.Be3 Nd4 7.Nge2 Ne7 8.O-O O-O
9.Qd2 Qa5 10.f4 Nec6 11.g4 d6 12.Ng3 f5 13.g5 Bd7 14.h4 Ne7 15.h5 Rac8 16.Qf2
fxe4 17.dxe4 e5 18.hxg6 hxg6 19.f5 gxf5 20.exf5 Ndxf5 21.Nxf5 Bxf5 22.Nd5 Ng6
23.Nf6+ {#r} 1-0

[Event "Ch Netherlands (open)"]
[Site "masterchessopen.com Dieren (Netherlands)"]
[Round "9"]
[White "Du Chattel Philippe J (NED)"]
[Black "Knoppert Erik G J (NED)"]
[Result "0-1"]
[WhiteElo "2260"]
[BlackElo "2336"]

1.e4 c5 2.Nc3 Nc6 3.g3 g6 4.Bg2 Bg7 5.d3 e6 6.Be3 b6 7.Qd2 Nge7 8.Bh6 O-O 9.h4
f6 10.h5 Bxh6 11.Qxh6 g5 12.Nh3 Kh8 13.Nxg5 fxg5 14.Qxg5 e5 15.f4 Ng8 16.O-O
d6 17.Nb5 h6 18.Qxd8 Rxd8 19.f5 Nf6 20.c3 Rd7 21.d4 Ba6 22.a4 cxd4 23.cxd4
Bxb5 24.axb5 {#R} 0-1

[Event "It (open)"]
[Site "masterchessopen.com Balatonbereny (Hungary)"]
[Round "0"]
[White "Hughes Peter (ENG)"]
[Black "Thallinger Guenther (AUT)"]
[Result "1-0"]
[WhiteElo "2195"]
[BlackElo "2205"]

1.e4 c5 2.Nc3 Nc6 3.g3 g6 4.Bg2 Bg7 5.d3 e6 6.f4 Nge7 7.Nf3 O-O 8.O-O Rb8 9.f5
b5 10.Ng5 exf5 11.exf5 Bd4+ 12.Kh1 Nxf5 13.Rxf5 gxf5 14.Qh5 Kg7 15.Qxh7+ Kf6
16.Nd5+ {#r} 1-0

[Event "Ch World (juniors) (under 16)"]
[Site "masterchessopen.com Duisburg (Germany)"]
[Round "0"]
[White "Lyrberg Patrik (SWE)"]
[Black "Irzhanov Ruslan (KAZ)"]
[Result "0-1"]
[WhiteElo "2395"]
[BlackElo "2494"]

1.e4 c5 2.Nc3 Nc6 3.g3 g6 4.Bg2 Bg7 5.d3 e6 6.f4 Nge7 7.Be3 Nd4 8.Nf3 d5 9.Bf2
Nxf3+ 10.Bxf3 d4 11.Nb1 e5 12.Nd2 Bh6 13.fxe5 Nc6 14.Nc4 O-O 15.O-O b5 16.Nd6
Bh3 17.Re1 Nxe5 18.Nxb5 Rb8 19.Na3 Qf6 20.Be2 Qxf2+ 21.Kxf2 Be3# 0-1

[Event "It (open)"]
[Site "masterchessopen.com Bruchkoebel (Germany)"]
[Round "0"]
[White "Frank Tena (GER)"]
[Black "Taeger Torsten (GER)"]
[Result "0-1"]
[WhiteElo "2011"]
[BlackElo "2100"]

1.e4 c5 2.Nc3 Nc6 3.g3 g6 4.Bg2 Bg7 5.d3 Rb8 6.a4 a6 7.Be3 d6 8.f4 e6 9.Nf3
Nge7 10.O-O O-O 11.Qd2 Nd4 12.Rab1 Qa5 13.Nxd4 Bxd4 {#R} 0-1

[Event "It (open)"]
[Site "masterchessopen.com Chrudim (Czech Republic)"]
[Round "0"]
[White "Jandecka Tomas (CZE)"]
[Black "Gschwendtner Stanislav (CZE)"]
[Result "1-0"]
[WhiteElo "2196"]
[BlackElo "2011"]

1.e4 c5 2.Nc3 Nc6 3.g3 g6 4.Bg2 Bg7 5.d3 Rb8 6.Be3 Nd4 7.Nce2 Nxe2 8.Nxe2 Bxb2
9.Rb1 Qa5+ 10.Bd2 Qxa2 11.Rxb2 Qxb2 12.Bc3 Qa2 13.Bxh8 f6 14.e5 Qf7 15.exf6
exf6 16.Nf4 Ne7 17.Qa1 g5 18.Qxa7 gxf4 19.Qxb8 Qe6+ 20.Kd2 Qb6 21.Qxf4 Kf7
22.Re1 Qa5+ 23.Ke2 {#r} 1-0

[Event "It (open)"]
[Site "masterchessopen.com Chrudim (Czech Republic)"]
[Round "0"]
[White "Koubek Vaclav Sr (CZE)"]
[Black "Strejc Josef (CZE)"]
[Result "1-0"]
[WhiteElo "2110"]
[BlackElo "2146"]

1.e4 c5 2.Nc3 Nc6 3.g3 g6 4.Bg2 Bg7 5.d3 e6 6.Be3 Nd4 7.Nce2 d6 8.c3 Nc6 9.Qd2
Nge7 10.Bh6 O-O 11.h4 Bxh6 12.Qxh6 Kh8 13.Nh3 f6 14.O-O-O e5 15.d4 cxd4
16.cxd4 Bd7 17.dxe5 dxe5 18.Kb1 Qe8 19.Rd6 Nd8 20.Rxd7 {#r} 1-0

[Event "It (open)"]
[Site "masterchessopen.com Kuopio (Finland)"]
[Round "4"]
[White "Raisa Unto (FIN)"]
[Black "Vetemaa Juri (EST)"]
[Result "1-0"]
[WhiteElo "2130"]
[BlackElo "2288"]

1.e4 c5 2.Nc3 Nc6 3.g3 g6 4.Bg2 Bg7 5.d3 e6 6.Be3 Nd4 7.Nce2 Nxe2 8.Nxe2 Bxb2
9.Rb1 Bg7 10.Bxc5 Qa5+ 11.Bb4 Qxa2 12.O-O Ne7 13.Rb3 Nc6 14.Ba3 Nd4 15.Nxd4
Bxd4 16.Qd2 Bf6 17.Re1 a5 18.e5 Bd8 19.Bd6 a4 20.Rb5 Be7 21.Qc3 Bxd6 22.exd6
O-O 23.Ra1 {#r} 1-0

[Event "It (open)"]
[Site "masterchessopen.com Loosdorf (Austria)"]
[Round "1"]
[White "Wegerer Josef (AUT)"]
[Black "Lanc Alois (SVK)"]
[Result "0-1"]
[WhiteElo "2061"]
[BlackElo "2367"]

1.e4 c5 2.Nc3 Nc6 3.g3 g6 4.Bg2 Bg7 5.d3 e6 6.Be3 Nd4 7.Qd2 Ne7 8.Rb1 O-O
9.Nce2 d5 10.exd5 Nxd5 11.Nxd4 cxd4 12.Bh6 Bxh6 13.Qxh6 Qa5+ 14.Kd1 Qxa2
15.Kc1 Bd7 16.Nf3 Rac8 17.Ng5 Nf6 18.h4 Ba4 19.c4 Qb3 20.Kd2 Qc2+ 21.Ke1 Qxb1+
22.Ke2 Qc2+ 23.Ke1 {#R} 0-1

[Event "Ch Norway (team)"]
[Site "masterchessopen.com Norway"]
[Round "1"]
[White "Svedenborg Paul (NOR)"]
[Black "Henriksen Geir (NOR)"]
[Result "1-0"]
[WhiteElo "2252"]
[BlackElo "2223"]

1.e4 c5 2.Nc3 Nc6 3.g3 g6 4.Bg2 Bg7 5.d3 e6 6.Be3 Nd4 7.Nce2 Ne7 8.c3 Nxe2
9.Nxe2 b6 10.d4 cxd4 11.Bxd4 e5 12.Be3 Bb7 13.c4 Qc7 14.Qd3 f5 15.Nc3 fxe4
16.Nb5 exd3 17.Nxc7+ Kd8 18.Bxb7 Kxc7 19.Bxa8 Rxa8 20.O-O-O e4 21.f3 d5
22.fxe4 dxc4 23.Rhf1 Be5 24.Rf7 Kd6 {#r} 1-0

[Event "It (open)"]
[Site "masterchessopen.com Pinneberg (Germany)"]
[Round "0"]
[White "Koch Soeren (GER)"]
[Black "Dinckel Joerg (GER)"]
[Result "1-0"]
[WhiteElo "1966"]
[BlackElo "2025"]

1.e4 c5 2.Nc3 Nc6 3.g3 g6 4.Bg2 Bg7 5.d3 e6 6.Nh3 Nge7 7.O-O O-O 8.Be3 d6
9.Qd2 Re8 10.Bh6 Bh8 11.f4 Rb8 12.g4 f5 13.exf5 exf5 14.Rae1 Bf6 15.Ng5 Bd7
16.Nd5 Bg7 17.Nxe7+ Rxe7 18.Bd5+ Kh8 19.Rxe7 Qxe7 20.Re1 Qf6 21.Nf7+ Kg8
22.Ne5+ Kh8 23.g5 {#r} 1-0

[Event "Ch Romania (juniors)"]
[Site "masterchessopen.com Singeorz (Romania)"]
[Round "0"]
[White "Domuta Adriana (ROM)"]
[Black "Cretu Alina (ROM)"]
[Result "1-0"]
[WhiteElo "2085"]
[BlackElo "2122"]

1.e4 c5 2.Nc3 Nc6 3.g3 g6 4.Bg2 Bg7 5.d3 e6 6.Nge2 Nge7 7.Bg5 O-O 8.Qd2 Nd4
9.O-O f5 10.Nxd4 cxd4 11.Nb5 fxe4 12.dxe4 Qb6 13.Bxe7 Qxb5 14.Bxf8 Kxf8 15.f4
Kg8 16.f5 Qb6 17.f6 Bf8 18.f7+ Kg7 19.Qg5 {#r} 1-0

[Event "Ch Barcelona"]
[Site "masterchessopen.com Barcelona (Spain)"]
[Round "0"]
[White "Sanpera Bonet Juan Carlos (ESP)"]
[Black "Picanol Alemany Antonio (ESP)"]
[Result "1-0"]
[WhiteElo "2153"]
[BlackElo "2315"]

1.e4 c5 2.Nc3 Nc6 3.g3 g6 4.Bg2 Bg7 5.d3 e6 6.Be3 Nd4 7.Qd2 Ne7 8.Nd1 e5 9.c3
Ne6 10.Bh6 Bxh6 11.Qxh6 b6 12.Nh3 Bb7 13.Ng5 Ng8 14.Nxe6 dxe6 15.Qg7 Qxd3
16.Ne3 Ba6 17.Bf3 {#r} 1-0

[Event "It (open)"]
[Site "masterchessopen.com Fuzesabony (Hungary)"]
[Round "3"]
[White "Forgo Janos (HUN)"]
[Black "Kovacs Tibor (HUN)"]
[Result "1-0"]
[WhiteElo "2057"]
[BlackElo "1834"]

1.e4 c5 2.Nc3 Nc6 3.g3 g6 4.Bg2 Bg7 5.d3 e6 6.Be3 b6 7.Qd2 Nge7 8.Bh6 O-O 9.h4
d5 10.h5 Bb7 11.hxg6 fxg6 12.Bxg7 Kxg7 13.Qh6+ Kf7 14.Qxh7+ Ke8 15.f4 Nd4
16.O-O-O Qd6 17.Nf3 Rc8 18.Ne5 Rg8 19.Qf7+ Kd8 20.Rh7 {#r} 1-0

[Event "It (open)"]
[Site "masterchessopen.com Vilanova (Spain)"]
[Round "7"]
[White "Rius Joan"]
[Black "Leon Crespo Gregori"]
[Result "1-0"]
[WhiteElo "2030"]
[BlackElo "2055"]

1.e4 c5 2.Nc3 Nc6 3.g3 g6 4.Bg2 Bg7 5.d3 e6 6.Be3 Nd4 7.Nge2 Ne7 8.Qd2 O-O
9.h4 h5 10.Nd1 d6 11.c3 Nxe2 12.Qxe2 Nc6 13.g4 hxg4 14.Qxg4 Ne5 15.Qe2 f5
16.Bg5 Bf6 17.f4 Bxg5 18.hxg5 Nd7 19.exf5 exf5 20.Bd5+ Kg7 21.Rh7+ {#r} 1-0

[Event "Ch Germany (juniors) (team) (w)"]
[Site "masterchessopen.com Binz (Germany)"]
[Round "0"]
[White "Strehle Isabel (GER)"]
[Black "Schmuck Katrin"]
[Result "1-0"]
[WhiteElo "2095"]
[BlackElo "1660"]

1.e4 c5 2.Nc3 Nc6 3.g3 g6 4.Bg2 Bg7 5.d3 Nf6 6.h3 O-O 7.Be3 b6 8.f4 Bb7 9.Qd2
d6 10.g4 Qc7 11.Nf3 e5 12.f5 Nd4 13.g5 Nd7 14.f6 Bh8 15.h4 Nb8 16.O-O-O Bc8
17.Nd5 Qb7 18.Ne7+ {#r} 1-0

[Event "Ch Hungary (team)"]
[Site "masterchessopen.com Hungary"]
[Round "7"]
[White "Jamrich Gyorgy (HUN)"]
[Black "Sleisz Tamas (HUN)"]
[Result "1-0"]
[WhiteElo "2215"]
[BlackElo "2236"]

1.e4 c5 2.Nc3 Nc6 3.g3 g6 4.Bg2 Bg7 5.d3 e6 6.Be3 Nd4 7.Qd2 Ne7 8.Nd1 e5 9.c3
Ne6 10.Bh6 Bxh6 11.Qxh6 b5 12.Nf3 Qc7 13.O-O Bb7 14.Ng5 Qd6 15.Nxe6 dxe6
16.Ne3 f5 17.a4 b4 18.Nc4 Qxd3 19.Nxe5 Qc2 20.Rad1 fxe4 21.Qg7 Rf8 22.Rd7 Nf5
23.Qxh7 {#r} 1-0

[Event "Ch Peru (juniors) (under 20)"]
[Site "masterchessopen.com Peru"]
[Round "6"]
[White "Reyes-Acevedo Ismael (DOM)"]
[Black "Carbajal Augusto (PER)"]
[Result "0-1"]
[WhiteElo "2052"]
[BlackElo "2217"]

1.e4 c5 2.Nc3 Nc6 3.g3 g6 4.Bg2 Bg7 5.d3 e6 6.Nh3 Nge7 7.Be3 d6 8.O-O b6 9.f4
O-O 10.f5 exf5 11.exf5 Nxf5 12.Bg5 Bd4+ 13.Kh1 Qd7 14.Rxf5 gxf5 15.Qh5 Bb7
16.Nf4 Nb4 17.Bh6 Bxg2+ 18.Kxg2 Qb7+ 19.Kh3 Rfe8 20.Nb5 Be5 21.Nxd6 Qd7 {#R}
0-1

[Event "Ch World (juniors)"]
[Site "masterchessopen.com Sao Lourenco (Brazil)"]
[Round "10"]
[White "Bogatyriova Lidia (UKR)"]
[Black "Gara Anita (HUN)"]
[Result "0-1"]
[WhiteElo "2217"]
[BlackElo "2050"]

1.e4 c5 2.Nc3 Nc6 3.g3 g6 4.Bg2 Bg7 5.d3 e6 6.Be3 Nd4 7.Nge2 Ne7 8.Bxd4 cxd4
9.Nb1 d5 10.Nd2 dxe4 11.Nxe4 O-O 12.O-O f5 13.Nd2 Nd5 14.Nb3 e5 15.c3 f4
16.gxf4 Nxf4 17.Nxf4 Rxf4 18.Nc1 Qh4 19.Ne2 Bf6 20.Ng3 Kh8 21.Qe2 Be6 22.c4
Bg4 23.Qd2 Qg5 {#R} 0-1

[Event "Ch Czech Republic (qual) (3rd)"]
[Site "masterchessopen.com Czech Republic"]
[Round "5"]
[White "Rozkovec Hynek (CZE)"]
[Black "Svoboda Zdenek (CZE)"]
[Result "1-0"]
[WhiteElo "2127"]
[BlackElo "1725"]

1.e4 c5 2.g3 Nc6 3.Bg2 g6 4.Nc3 Bg7 5.d3 e6 6.Be3 Nd4 7.Nce2 Nxe2 8.Nxe2 Bxb2
9.Rb1 Bd4 10.Nxd4 cxd4 11.Bxd4 e5 12.Ba1 Qa5+ 13.Qd2 Qxd2+ 14.Kxd2 d6 15.f4 f6
16.d4 exf4 17.gxf4 Rb8 18.e5 fxe5 19.dxe5 Nh6 20.exd6 O-O 21.Bd5+ Nf7 22.Rhe1
Rd8 23.Re7 Rf8 24.d7 {#r} 1-0

[Event "It (open)"]
[Site "masterchessopen.com Kobanya (Hungary)"]
[Round "6"]
[White "Jamrich Gyorgy (HUN)"]
[Black "Nagy Mihaly (HUN)"]
[Result "1-0"]
[WhiteElo "2295"]
[BlackElo "2175"]

1.e4 c5 2.Nc3 Nc6 3.g3 g6 4.Bg2 Bg7 5.d3 e6 6.Be3 Nd4 7.Qd2 Ne7 8.Nd1 d6 9.c3
Ndc6 10.Bh6 O-O 11.h4 Bxh6 12.Qxh6 f5 13.Nf3 Rf7 14.h5 Qf8 15.hxg6 Nxg6 16.Qh5
Qg7 17.Ng5 Re7 18.Ne3 Bd7 19.exf5 exf5 20.Bd5+ Kh8 21.Nxh7 {#r} 1-0

[Event "Ch Slovenia (team) (1/2 final)"]
[Site "masterchessopen.com Slovenia"]
[Round "4"]
[White "Vrcon Damijan (SLO)"]
[Black "Cuk M"]
[Result "1-0"]
[WhiteElo "2176"]
[BlackElo "1985"]

1.e4 c5 2.Nc3 Nc6 3.g3 g6 4.Bg2 Bg7 5.d3 e6 6.Be3 b6 7.Qd2 Bb7 8.Nge2 d6 9.d4
Nge7 10.O-O-O a6 11.Bh6 Bxd4 12.Nxd4 cxd4 13.Ne2 e5 14.Kb1 Qd7 15.c3 dxc3
16.Nxc3 Nd4 17.Be3 Nef5 18.Bh3 Nb5 19.Nd5 Nc7 {#r} 1-0

[Event "Match \"]
[Site "masterchessopen.com Baden (Germany)"]
[Round "0"]
[White "Grosshans Ralf-Michael (GER)"]
[Black "Petit Rene (FRA)"]
[Result "1-0"]
[WhiteElo "2166"]
[BlackElo "2038"]

1.e4 c5 2.Nc3 Nc6 3.g3 g6 4.Bg2 Bg7 5.d3 Rb8 6.f4 b5 7.Nf3 e6 8.O-O Nge7 9.Nh4
Nd4 10.f5 Nec6 11.Nd5 gxf5 12.Ne3 Ne7 13.c3 f4 14.Rxf4 Ndc6 15.Qh5 Ng6 16.Rf2
Nce5 17.Bf1 Qb6 18.Nf3 b4 19.Nxe5 Bxe5 20.Nc4 Qc7 21.Nxe5 {#r} 1-0

[Event "Cup Russia (open)"]
[Site "masterchessopen.com Krasnodar (Russia)"]
[Round "6"]
[White "Shakhov Aleksandr E (RUS)"]
[Black "Kalichkin Igor (RUS)"]
[Result "1-0"]
[WhiteElo "2230"]
[BlackElo "2345"]

1.e4 c5 2.Nc3 Nc6 3.g3 g6 4.Bg2 Bg7 5.d3 e6 6.Be3 b6 7.Qd2 h6 8.Nge2 Nd4
9.Bxd4 cxd4 10.Nb5 e5 11.Qb4 Ne7 12.Nd6+ Kf8 13.Qc4 {#r} 1-0

[Event "Ch Netherlands (juniors) (under 16) (g)"]
[Site "masterchessopen.com Leiden (Netherlands)"]
[Round "4"]
[White "Groot Marjoke (NED)"]
[Black "Hamelink Desiree (NED)"]
[Result "0-1"]
[WhiteElo "1940"]
[BlackElo "2230"]

1.e4 c5 2.Nc3 Nc6 3.g3 g6 4.Bg2 Bg7 5.d3 e6 6.f4 Nge7 7.Nf3 O-O 8.Be3 b6 9.O-O
d5 10.exd5 exd5 11.d4 Nf5 12.Bf2 cxd4 13.Nxd5 Be6 14.g4 Nh6 15.Nf6+ Qxf6
16.Nxd4 Bxg4 17.Qe1 Nxd4 {#R} 0-1

[Event "It (open) \"]
[Site "masterchessopen.com Leipzig (Germany)"]
[Round "2"]
[White "Langer Wolfgang (GER)"]
[Black "Bogdanovich Grigory (RUS)"]
[Result "0-1"]
[WhiteElo "2088"]
[BlackElo "2390"]

1.e4 c5 2.Nc3 Nc6 3.g3 g6 4.Bg2 Bg7 5.d3 e5 6.Nf3 Nge7 7.Be3 Nd4 8.Ne2 d5 9.c3
Nxf3+ 10.Bxf3 d4 11.Bg5 f6 12.Bc1 Be6 13.c4 a6 14.O-O b5 15.b3 Qd7 16.Bg2 O-O
17.Bd2 a5 18.f4 a4 19.fxe5 fxe5 20.Rxf8+ Bxf8 21.Bg5 Bg4 22.bxa4 bxc4 23.dxc4
d3 {#R} 0-1

[Event "It (open)"]
[Site "masterchessopen.com Nova Gorica (Slovenia)"]
[Round "4"]
[White "Jurkovic Hrvoje (CRO)"]
[Black "Punteri Marco (ITA)"]
[Result "1-0"]
[WhiteElo "2380"]
[BlackElo "2049"]

1.e4 g6 2.Nc3 Bg7 3.g3 c5 4.Bg2 Nc6 5.d3 e6 6.Be3 Nd4 7.Nce2 Nxe2 8.Nxe2 Bxb2
9.Rb1 Qa5+ 10.Bd2 Qa3 11.Rxb2 Qxb2 12.Bc3 Qxa2 13.Bxh8 f6 14.e5 Qa5+ 15.c3 Kf7
16.Bxf6 Nxf6 17.exf6 Kxf6 18.O-O Rb8 19.Qd2 g5 20.f4 g4 21.f5 {#r} 1-0

[Event "It (open)"]
[Site "masterchessopen.com Oberwart (Austria)"]
[Round "1"]
[White "Kneutgen Alexander (GER)"]
[Black "Balinov Ilija (AUT)"]
[Result "0-1"]
[WhiteElo "2136"]
[BlackElo "2560"]

1.e4 c5 2.Nc3 Nc6 3.g3 g6 4.Bg2 Bg7 5.d3 Rb8 6.a4 e6 7.Nge2 d6 8.O-O Nge7
9.Be3 Nd4 10.Nf4 O-O 11.Rb1 Bd7 12.Qd2 Qb6 13.b4 cxb4 14.Na2 Qa5 15.Nxb4 Qxa4
16.Ra1 Qb5 17.Rxa7 Nec6 18.Nxc6 Qxc6 19.Rb1 Nb5 20.Ra5 Bc3 {#R} 0-1

[Event "Ch Slovakia (team) 1996/97"]
[Site "masterchessopen.com Slovakia"]
[Round "8"]
[White "Pcola Jaroslav (SVK)"]
[Black "Lanc Alois (SVK)"]
[Result "0-1"]
[WhiteElo "2128"]
[BlackElo "2390"]

1.e4 c5 2.Nc3 Nc6 3.g3 g6 4.Bg2 Bg7 5.d3 e6 6.Nh3 h5 7.O-O d6 8.Kh1 a6 9.Ne2
Nge7 10.c3 e5 11.f4 h4 12.f5 gxf5 13.exf5 Bxf5 14.Ng5 f6 15.Qb3 fxg5 16.Qxb7
O-O 17.Qb3+ c4 18.dxc4 h3 19.Bxc6 Nxc6 20.Be3 Rb8 21.Qa3 Bd3 {#R} 0-1

[Event "Ch Spain"]
[Site "masterchessopen.com Torrevieja (Spain)"]
[Round "2"]
[White "Buxade Roca Guillermo (ESP)"]
[Black "Gomez Esteban Juan Mario (ESP)"]
[Result "0-1"]
[WhiteElo "2181"]
[BlackElo "2490"]

1.e4 c5 2.Nc3 Nc6 3.g3 g6 4.Bg2 Bg7 5.d3 e6 6.Nf3 Nge7 7.O-O O-O 8.Nh4 d6 9.f4
Nd4 10.Ne2 Rb8 11.c3 Nxe2+ 12.Qxe2 b5 13.Be3 b4 14.d4 bxc3 15.bxc3 Qa5 16.Rf2
Qxc3 17.Rc1 Qa3 18.dxc5 dxc5 19.e5 Nd5 20.Bxd5 exd5 21.Rxc5 Bh3 22.Qe1 d4
23.Bxd4 Rfd8 24.Rf3 Qa4 {#R} 0-1

[Event "It (open)"]
[Site "masterchessopen.com Wiesbaden (Germany)"]
[Round "7"]
[White "Boehm Martin (GER)"]
[Black "Rueger Erhard (GER)"]
[Result "1-0"]
[WhiteElo "2295"]
[BlackElo "2162"]

1.e4 c5 2.Nc3 Nc6 3.g3 g6 4.Bg2 Bg7 5.d3 e6 6.Be3 Nd4 7.Qd2 d6 8.Nd1 Ne7 9.c3
Ndc6 10.Nf3 b6 11.Bh6 O-O 12.O-O e5 13.Bxg7 Kxg7 14.Ne3 h6 15.d4 f5 16.exf5
Ba6 17.f6+ Rxf6 18.Ng4 Nf5 19.Nh4 Bxf1 20.Bxc6 Bh3 21.Nxf5+ gxf5 22.Nxf6 {#r}
1-0

[Event "It (open) \"]
[Site "masterchessopen.com Budapest (Hungary)"]
[Round "1"]
[White "Shipunov Vladimir (RUS)"]
[Black "Honsch Pal (HUN)"]
[Result "1-0"]
[WhiteElo "2279"]
[BlackElo "2015"]

1.e4 c5 2.Nc3 Nc6 3.g3 g6 4.Bg2 Bg7 5.d3 e6 6.Be3 Qa5 7.Ne2 Nd4 8.O-O Ne7
9.Nc1 Nec6 10.Nb3 Nxb3 11.axb3 Qb4 12.Na4 Nd4 13.c3 Qxb3 14.cxd4 Qxd1 15.Rfxd1
cxd4 16.Bd2 Rb8 17.Bb4 Bf8 18.Bxf8 Rxf8 19.Nc5 {#r} 1-0

[Event "It (open)"]
[Site "masterchessopen.com Ceske Budejovice (Czech Republic)"]
[Round "0"]
[White "Krapivin Vladislav (RUS)"]
[Black "Vacek Radomir (CZE)"]
[Result "1-0"]
[WhiteElo "2375"]
[BlackElo "2092"]

1.e4 c5 2.Nc3 Nc6 3.g3 g6 4.Bg2 Bg7 5.d3 e6 6.Be3 Qa5 7.Ne2 Nge7 8.O-O Nd4
9.Rb1 d6 10.a3 Bd7 11.b4 Qxa3 12.bxc5 dxc5 13.Rxb7 Bc6 14.Rb1 O-O 15.Bf4 Rfd8
16.Qd2 Rd7 17.Nxd4 Bxd4 18.Nb5 Bxb5 19.Rxb5 Bc3 20.Qc1 Qa6 21.Rxc5 Rc8 22.Rxc3
Rxc3 23.Be5 Qa5 24.Bf6 {#r} 1-0

[Event "It (open)"]
[Site "masterchessopen.com Genoa (Italy)"]
[Round "3"]
[White "Bertino Andrea (ITA)"]
[Black "Schuh Ruediger (GER)"]
[Result "0-1"]
[WhiteElo "2083"]
[BlackElo "2142"]

1.e4 c5 2.Nc3 Nc6 3.g3 g6 4.Bg2 Bg7 5.d3 e6 6.Be3 b6 7.Qd2 h6 8.Nge2 Nge7
9.O-O Ba6 10.f4 Qc7 11.e5 d5 12.exd6 Qxd6 13.Ne4 Qd7 14.Rab1 Rd8 15.Rfd1 O-O
16.Qe1 Nb4 17.Qd2 Nf5 18.Nxc5 bxc5 19.Bxc5 Nd5 20.Bxf8 Bxf8 21.Bxd5 Qxd5 22.c4
Bc5+ 23.d4 Bxc4 24.Rbc1 Nxd4 {#R} 0-1

[Event "Oberliga SW 1997/98"]
[Site "masterchessopen.com Germany"]
[Round "0"]
[White "Kornasiewicz Stanislaw (POL)"]
[Black "Lorson Stefan (GER)"]
[Result "1-0"]
[WhiteElo "2300"]
[BlackElo "2192"]

1.e4 c5 2.Nc3 Nc6 3.g3 g6 4.Bg2 Bg7 5.d3 e6 6.Be3 Nd4 7.Nce2 Nxe2 8.Nxe2 Bxb2
9.Rb1 Qa5+ 10.Bd2 Qxa2 11.Rxb2 Qxb2 12.Bc3 Qb6 13.Bxh8 f6 14.e5 f5 15.O-O Kf7
16.h4 h6 17.Qd2 a5 18.c4 Qb4 19.Qc2 a4 20.Rb1 Qa5 21.Nc3 {#r} 1-0

[Event "It (open) (juniors)"]
[Site "masterchessopen.com Plzen (Czech Republic)"]
[Round "5"]
[White "Domlatil Jiri (CZE)"]
[Black "Cernousek Lukas (CZE)"]
[Result "0-1"]
[WhiteElo "2104"]
[BlackElo "2150"]

1.e4 c5 2.Nc3 Nc6 3.g3 g6 4.Bg2 Bg7 5.d3 e6 6.Nge2 Nge7 7.Be3 Nd4 8.O-O O-O
9.Nf4 d6 10.h4 f5 11.Nh3 e5 12.Qd2 f4 13.Bxd4 cxd4 14.gxf4 dxc3 15.bxc3 exf4
16.f3 Nc6 17.Qe1 Bf6 {#R} 0-1

[Event "It (open)"]
[Site "masterchessopen.com Quito (Ecuador)"]
[Round "0"]
[White "Coloma Almeida Erick (ECU)"]
[Black "Bastidas Rodriguez Emilio J (ECU)"]
[Result "0-1"]
[WhiteElo "2005"]
[BlackElo "2245"]

1.e4 c5 2.Nc3 Nc6 3.g3 g6 4.Bg2 Bg7 5.d3 e6 6.Be3 Nd4 7.Qd2 Ne7 8.Nge2 Qa5
9.Nd1 Nxc2+ 10.Kf1 Qxd2 11.Bxd2 Nxa1 12.Ne3 Nc6 13.f4 Nd4 {#R} 0-1

[Event "It (open)"]
[Site "masterchessopen.com San Jose (Costa Rica)"]
[Round "4"]
[White "Roman Gimeno Javier (ESP)"]
[Black "Hinojar Basa Alfonso (ESP)"]
[Result "0-1"]
[WhiteElo "1947"]
[BlackElo "2194"]

1.e4 c5 2.Nc3 Nc6 3.g3 g6 4.Bg2 Bg7 5.d3 e6 6.Be3 b6 7.f4 Nge7 8.Nf3 Bb7 9.O-O
O-O 10.d4 d5 11.e5 Nf5 12.Qd2 Qe7 13.a3 Rac8 14.g4 Nxe3 15.Qxe3 cxd4 16.Nxd4
Nxd4 17.Qxd4 Rc4 18.Qf2 Rfc8 19.Rac1 g5 20.Nb5 Rxf4 21.Qe2 Qc5+ {#R} 0-1